logo image

Cost Accounting : As Per UGC & NEP 2020 (Record no. 44329)

MARC details
000 -LEADER
fixed length control field 00419nam a22001697a 4500
003 - CONTROL NUMBER IDENTIFIER
control field OSt
005 - DATE AND TIME OF LATEST TRANSACTION
control field 20260323105502.0
008 - FIXED-LENGTH DATA ELEMENTS--GENERAL INFORMATION
fixed length control field 260323b |||||||| |||| 00| 0 eng d
020 ## - INTERNATIONAL STANDARD BOOK NUMBER
International Standard Book Number 9789359303284
040 ## - CATALOGING SOURCE
Transcribing agency BGL
082 ## - DEWEY DECIMAL CLASSIFICATION NUMBER
Classification number 657.42 ARO:C
100 ## - MAIN ENTRY--PERSONAL NAME
Personal name Arora M.N
245 ## - TITLE STATEMENT
Title Cost Accounting : As Per UGC & NEP 2020
260 ## - PUBLICATION, DISTRIBUTION, ETC.
Place of publication, distribution, etc. New Delhi
Name of publisher, distributor, etc. Vikas Publishing House
Date of publication, distribution, etc. 2025
650 ## - SUBJECT ADDED ENTRY--TOPICAL TERM
Topical term or geographic name entry element Commerce
942 ## - ADDED ENTRY ELEMENTS (KOHA)
Source of classification or shelving scheme Dewey Decimal Classification
Koha item type GB
Holdings
Withdrawn status Lost status Source of classification or shelving scheme Damaged status Not for loan Home library Current library Date acquired Source of acquisition Cost, normal purchase price Discount Net Cost Total Checkouts Full call number Barcode Date last seen Cost, replacement price Price effective from Koha item type Checked out Date last checked out
    Dewey Decimal Classification     BGL BGL 19.03.2026 United Book: 485/387 499.00 20% 399.00   657.42 ARO:C 69645 23.03.2026 499.00 23.03.2026 GB    
    Dewey Decimal Classification     BGL BGL 19.03.2026 United Book: 485/387 499.00 20% 399.00 1 657.42 ARO:C 69646 13.04.2026 499.00 23.03.2026 GB 27.04.2026 13.04.2026
    Dewey Decimal Classification     BGL BGL 19.03.2026 United Book: 485/387 499.00 20% 399.00 1 657.42 ARO:C 69647 13.04.2026 499.00 23.03.2026 GB 27.04.2026 13.04.2026
    Dewey Decimal Classification     BGL BGL 19.03.2026 United Book: 485/387 499.00 20% 399.00 1 657.42 ARO:C 69648 13.04.2026 499.00 23.03.2026 GB 27.04.2026 13.04.2026
    Dewey Decimal Classification     BGL BGL 19.03.2026 United Book: 485/387 499.00 20% 399.00 1 657.42 ARO:C 69649 13.04.2026 499.00 23.03.2026 GB 27.04.2026 13.04.2026

Powered by Koha